000 00343nam a22001337a 4500
020 _qHB.
040 _cFIZZA ISHAQ
082 _a821.1
_bBAR
100 _aVINCENT,F.HOPPER.
_9133167
245 _aAN INTERLINER TRANSLATION /
_cVINCENT F.HOPPER.
260 _aNEW YORK ;
_bWOODBURY ,
_c1948.
300 _a448 P. ;
_c7.6X5.1IN
942 _2ddc
_cBK
999 _c616186
_d616186